| 000 | 00550nam a2200229Ia 4500 | ||
|---|---|---|---|
| 001 | 3007 | ||
| 003 | GE_BSU | ||
| 008 | 181216s||||||||xx |||||||||||||| ||und|| | ||
| 020 | _a5855721418 | ||
| 040 | _cGE_BSU | ||
| 080 | _a331.4 | ||
| 100 | _aКрашенинников, М.С | ||
| 245 | _aОплата труда | ||
| 245 | _cред. С.А. Новиков | ||
| 260 | _aМосква | ||
| 260 | _bПРИОР | ||
| 260 | _c1997 | ||
| 300 | _a336 с. 20 см. | ||
| 541 | _h8 л. 15 т. | ||
| 653 | _aОплата труда | ||
| 942 | _cBK | ||
| 999 |
_c37053 _d37053 |
||